00943cam a22002291 4500001001300000003000400013005001700017008004100034010001700075035002000092040004300112042001200155050002300167110003300190245018100223260004900404300001800453500010900471650002700580650004700607711005900654l 33000076 DLC20260227111534.0850812s1933 sz 000 0 eng c al 33000076  a(OCoLC)12375595 aLibrary, U.S. Dept. of LaborcCLUdDLC apremarc00aHD7825.A3bI5 19332 aInternational Labour Office.00aReport of the governing body of the International Labour Office upon the working of the convention concerning the rights of association and combination of agricultural workers. aGeneva,bInternational Labour Office,c1933. a13 p.c31 cm. aAt head of title: League of nations. International Labour Conference. Seventeenth session. Geneva, 1933. 0aAgricultural laborers. 0aLabor laws and legislation, International.2 aInternational Labor Conference.n17th,cGeneva,d1933.